[Event "DEM U10w 2023"]
[Site "Willingen GER"]
[Date "2023.05.29"]
[Round "4"]
[White "Tu, Tiffany"]
[Black "Heidtkamp, Anna"]
[Result "1/2-1/2"]
[Termination "normal"]
[Board "1"]
[WhiteElo "1071"]
[BlackElo "1352"]
[WhiteClock "00:54:39"]
[BlackClock "00:14:10"]
[PlyCount "118"]
[WhiteFideId "34628576"]
[BlackFideId "16269012"]
[EventCountry "GER"]
[EventRounds "11"]
[EventType "swiss"]
[EventDate "2023.05.27"]

1. e4 {[%clk 01:15:57]} {[%emt 00:00:03]} e5 {[%clk 01:15:56]} {[%emt
00:00:04]} 2. Nf3 {[%clk 01:16:17]} {[%emt 00:00:10]} Nc6 {[%clk 01:16:22]}
{[%emt 00:00:05]} 3. Bb5 {[%clk 01:16:42]} {[%emt 00:00:04]} a6 {[%clk
01:16:48]} {[%emt 00:00:04]} 4. Ba4 {[%clk 01:17:01]} {[%emt 00:00:12]} d6
{[%clk 01:17:08]} {[%emt 00:00:10]} 5. c3 {[%clk 01:17:22]} {[%emt 00:00:09]}
Nf6 {[%clk 01:17:32]} {[%emt 00:00:06]} 6. d3 {[%clk 01:17:47]} {[%emt
00:00:05]} g6 {[%clk 01:17:57]} {[%emt 00:00:05]} 7. O-O {[%clk 01:18:07]}
{[%emt 00:00:08]} Bg7 {[%clk 01:18:20]} {[%emt 00:00:09]} 8. Nbd2 {[%clk
01:18:30]} {[%emt 00:00:07]} O-O {[%clk 01:18:40]} {[%emt 00:00:10]} 9. Re1
{[%clk 01:18:56]} {[%emt 00:00:03]} b5 {[%clk 01:17:52]} {[%emt 00:01:18]} 10.
Bb3 {[%clk 01:19:17]} {[%emt 00:00:09]} d5 {[%clk 01:14:51]} {[%emt 00:03:31]}
11. d4 {[%clk 01:14:27]} {[%emt 00:05:17]} Bg4 {[%clk 01:10:26]} {[%emt
00:04:59]} 12. exd5 {[%clk 01:12:50]} {[%emt 00:02:07]} Nxd5 {[%clk 01:09:27]}
{[%emt 00:01:29]} 13. h3 {[%clk 01:12:53]} {[%emt 00:00:26]} Bxf3 {[%clk
01:06:56]} {[%emt 00:03:02]} 14. Nxf3 {[%clk 01:13:13]} {[%emt 00:00:10]} exd4
{[%clk 01:04:59]} {[%emt 00:02:26]} 15. cxd4 {[%clk 01:13:32]} {[%emt
00:00:11]} Nb6 {[%clk 01:00:05]} {[%emt 00:05:25]} 16. Bf4 {[%clk 01:08:59]}
{[%emt 00:05:01]} Nxd4 {[%clk 00:55:55]} {[%emt 00:04:41]} 17. Nxd4 {[%clk
01:09:13]} {[%emt 00:00:14]} Bxd4 {[%clk 00:55:56]} {[%emt 00:00:31]} 18. Bxc7
{[%clk 01:08:15]} {[%emt 00:01:28]} Bxf2+ {[%clk 00:55:18]} {[%emt 00:01:09]}
19. Kxf2 {[%clk 01:08:33]} {[%emt 00:00:09]} Qxc7 {[%clk 00:54:56]} {[%emt
00:00:55]} 20. Rc1 {[%clk 01:08:42]} {[%emt 00:00:20]} Qf4+ {[%clk 00:54:02]}
{[%emt 00:01:25]} 21. Kg1 {[%clk 01:08:55]} {[%emt 00:00:16]} Rfd8 {[%clk
00:46:35]} {[%emt 00:07:57]} 22. Qe2 {[%clk 01:06:03]} {[%emt 00:03:20]} Qd4+
{[%clk 00:46:29]} {[%emt 00:00:38]} 23. Kh1 {[%clk 01:05:46]} {[%emt 00:00:45]}
Qd7 {[%clk 00:33:34]} {[%emt 00:13:28]} 24. Qf2 {[%clk 01:02:21]} {[%emt
00:03:54]} Na4 {[%clk 00:30:57]} {[%emt 00:03:04]} 25. Red1 {[%clk 00:56:16]}
{[%emt 00:06:39]} Qb7 {[%clk 00:26:21]} {[%emt 00:05:03]} 26. Qf6 {[%clk
00:53:04]} {[%emt 00:03:43]} Rxd1+ {[%clk 00:23:57]} {[%emt 00:02:55]} 27. Rxd1
{[%clk 00:53:14]} {[%emt 00:00:19]} Rf8 {[%clk 00:20:30]} {[%emt 00:03:59]} 28.
Rd8 {[%clk 00:52:04]} {[%emt 00:01:39]} Rxd8 {[%clk 00:20:10]} {[%emt
00:00:50]} 29. Qxd8+ {[%clk 00:51:46]} {[%emt 00:00:47]} Kg7 {[%clk 00:20:37]}
{[%emt 00:00:04]} 30. Qd4+ {[%clk 00:52:00]} {[%emt 00:00:13]} f6 {[%clk
00:19:11]} {[%emt 00:01:59]} 31. Bxa4 {[%clk 00:51:57]} {[%emt 00:00:33]} bxa4
{[%clk 00:19:35]} {[%emt 00:00:06]} 32. Qxa4 {[%clk 00:52:09]} {[%emt
00:00:17]} Qb5 {[%clk 00:18:38]} {[%emt 00:01:28]} 33. Qd4 {[%clk 00:50:07]}
{[%emt 00:02:27]} Qb7 {[%clk 00:15:34]} {[%emt 00:03:37]} 34. b4 {[%clk
00:49:41]} {[%emt 00:00:58]} Qf7 {[%clk 00:12:30]} {[%emt 00:03:33]} 35. a4
{[%clk 00:48:50]} {[%emt 00:01:21]} Qc7 {[%clk 00:09:54]} {[%emt 00:03:07]} 36.
b5 {[%clk 00:48:24]} {[%emt 00:00:56]} Qc1+ {[%clk 00:09:05]} {[%emt 00:01:20]}
37. Qg1 {[%clk 00:48:20]} {[%emt 00:00:31]} Qc4 {[%clk 00:05:33]} {[%emt
00:04:04]} 38. Qa7+ {[%clk 00:47:55]} {[%emt 00:00:55]} Kh6 {[%clk 00:05:29]}
{[%emt 00:00:34]} 39. Qe3+ {[%clk 00:45:09]} {[%emt 00:03:15]} g5 {[%clk
00:04:19]} {[%emt 00:01:42]} 40. b6 {[%clk 00:44:51]} {[%emt 00:00:47]} Qxa4
{[%clk 00:02:38]} {[%emt 00:02:11]} 41. b7 {[%clk 00:44:50]} {[%emt 00:00:33]}
Qb5 {[%clk 00:14:56]} {[%emt 00:03:10]} 42. Qa7 {[%clk 00:59:58]} {[%emt
00:00:20]} Qf1+ {[%clk 00:15:04]} {[%emt 00:00:24]} 43. Kh2 {[%clk 00:58:51]}
{[%emt 00:01:37]} Qf4+ {[%clk 00:15:21]} {[%emt 00:00:14]} 44. Kh1 {[%clk
00:58:17]} {[%emt 00:00:50]} Qf1+ {[%clk 00:15:26]} {[%emt 00:00:38]} 45. Kh2
{[%clk 00:57:53]} {[%emt 00:00:54]} Qf4+ {[%clk 00:15:47]} {[%emt 00:00:08]}
46. Kg1 {[%clk 00:58:06]} {[%emt 00:00:17]} Qc1+ {[%clk 00:15:39]} {[%emt
00:00:39]} 47. Kf2 {[%clk 00:58:00]} {[%emt 00:00:35]} Qc2+ {[%clk 00:15:40]}
{[%emt 00:00:30]} 48. Ke1 {[%clk 00:57:42]} {[%emt 00:00:47]} Qc1+ {[%clk
00:15:43]} {[%emt 00:00:28]} 49. Ke2 {[%clk 00:57:47]} {[%emt 00:00:24]} Qc2+
{[%clk 00:16:08]} {[%emt 00:00:07]} 50. Ke3 {[%clk 00:57:15]} {[%emt 00:01:01]}
Qc3+ {[%clk 00:15:53]} {[%emt 00:00:46]} 51. Ke4 {[%clk 00:57:23]} {[%emt
00:00:19]} Qe5+ {[%clk 00:16:02]} {[%emt 00:00:23]} 52. Kd3 {[%clk 00:57:30]}
{[%emt 00:00:23]} Qg3+ {[%clk 00:16:20]} {[%emt 00:00:13]} 53. Kc4 {[%clk
00:57:29]} {[%emt 00:00:28]} Qc7+ {[%clk 00:15:52]} {[%emt 00:01:00]} 54. Kb4
{[%clk 00:57:17]} {[%emt 00:00:41]} Qd6+ {[%clk 00:13:48]} {[%emt 00:02:36]}
55. Qc5 {[%clk 00:57:20]} {[%emt 00:00:23]} Qd2+ {[%clk 00:13:12]} {[%emt
00:01:09]} 56. Ka4 {[%clk 00:55:52]} {[%emt 00:01:57]} Qa2+ {[%clk 00:13:22]}
{[%emt 00:00:21]} 57. Qa3 {[%clk 00:55:58]} {[%emt 00:00:23]} Qc4+ {[%clk
00:13:46]} {[%emt 00:00:08]} 58. Qb4 {[%clk 00:55:32]} {[%emt 00:00:55]} Qa2+
{[%clk 00:14:10]} {[%emt 00:00:06]} 59. Qa3 {[%clk 00:54:39]} {[%emt 00:00:12]}
Qc4+ {[%clk 00:14:10]} 1/2-1/2

[Event "DEM U10w 2023"]
[Site "Willingen GER"]
[Date "2023.05.29"]
[Round "4"]
[White "Shynkar, Daria"]
[Black "Lola, Georgia-Maria"]
[Result "1-0"]
[Termination "normal"]
[Board "2"]
[WhiteElo "1179"]
[BlackElo "1293"]
[WhiteClock "00:49:17"]
[BlackClock "00:31:27"]
[PlyCount "125"]
[WhiteFideId "34163212"]
[BlackFideId "34629335"]
[EventCountry "GER"]
[EventRounds "11"]
[EventType "swiss"]
[EventDate "2023.05.27"]

1. d4 {[%clk 01:15:59]} {[%emt 00:00:01]} Nf6 {[%clk 01:15:53]} {[%emt
00:00:07]} 2. c4 {[%clk 01:16:26]} {[%emt 00:00:03]} e5 {[%clk 01:16:16]}
{[%emt 00:00:07]} 3. dxe5 {[%clk 01:16:52]} {[%emt 00:00:04]} Ng4 {[%clk
01:16:38]} {[%emt 00:00:08]} 4. Nf3 {[%clk 01:17:10]} {[%emt 00:00:12]} Bc5
{[%clk 01:16:41]} {[%emt 00:00:26]} 5. e3 {[%clk 01:17:33]} {[%emt 00:00:08]}
Nc6 {[%clk 01:16:37]} {[%emt 00:00:33]} 6. a3 {[%clk 01:17:55]} {[%emt
00:00:09]} a5 {[%clk 01:16:22]} {[%emt 00:00:45]} 7. b3 {[%clk 01:17:32]}
{[%emt 00:00:53]} Ngxe5 {[%clk 01:05:30]} {[%emt 00:11:21]} 8. Nxe5 {[%clk
01:17:21]} {[%emt 00:00:42]} Nxe5 {[%clk 01:05:47]} {[%emt 00:00:13]} 9. Bb2
{[%clk 01:17:39]} {[%emt 00:00:10]} d6 {[%clk 00:56:04]} {[%emt 00:10:13]} 10.
Nd2 {[%clk 01:16:50]} {[%emt 00:01:21]} O-O {[%clk 00:48:30]} {[%emt 00:08:04]}
11. Ne4 {[%clk 01:17:00]} {[%emt 00:00:19]} Bb6 {[%clk 00:42:03]} {[%emt
00:06:49]} 12. c5 {[%clk 01:17:12]} {[%emt 00:00:27]} Bf5 {[%clk 00:39:32]}
{[%emt 00:02:59]} 13. Ng3 {[%clk 01:17:27]} {[%emt 00:00:16]} Bxc5 {[%clk
00:39:02]} {[%emt 00:01:00]} 14. Nxf5 {[%clk 01:17:32]} {[%emt 00:00:26]} Qf6
{[%clk 00:38:15]} {[%emt 00:01:14]} 15. Nd4 {[%clk 01:08:46]} {[%emt 00:09:19]}
Rfe8 {[%clk 00:37:31]} {[%emt 00:01:12]} 16. Rb1 {[%clk 01:06:57]} {[%emt
00:02:21]} Bxd4 {[%clk 00:36:58]} {[%emt 00:01:01]} 17. Bxd4 {[%clk 01:03:36]}
{[%emt 00:03:52]} c5 {[%clk 00:36:14]} {[%emt 00:01:15]} 18. Bb2 {[%clk
01:03:32]} {[%emt 00:00:33]} Qf4 {[%clk 00:34:08]} {[%emt 00:02:33]} 19. Be2
{[%clk 01:01:59]} {[%emt 00:02:06]} Qe4 {[%clk 00:29:58]} {[%emt 00:04:39]} 20.
O-O {[%clk 00:56:37]} {[%emt 00:05:54]} Re6 {[%clk 00:28:59]} {[%emt 00:01:29]}
21. Bxe5 {[%clk 00:55:01]} {[%emt 00:02:06]} Qxe5 {[%clk 00:29:02]} {[%emt
00:00:26]} 22. Bf3 {[%clk 00:55:03]} {[%emt 00:00:28]} Rb8 {[%clk 00:28:21]}
{[%emt 00:01:11]} 23. Qd3 {[%clk 00:53:43]} {[%emt 00:01:51]} Rh6 {[%clk
00:28:22]} {[%emt 00:00:29]} 24. g3 {[%clk 00:50:47]} {[%emt 00:03:25]} Rd8
{[%clk 00:26:41]} {[%emt 00:02:11]} 25. b4 {[%clk 00:45:16]} {[%emt 00:06:02]}
Qe6 {[%clk 00:25:36]} {[%emt 00:01:28]} 26. Bg2 {[%clk 00:44:07]} {[%emt
00:01:45]} Rh5 {[%clk 00:23:26]} {[%emt 00:02:37]} 27. bxc5 {[%clk 00:43:47]}
{[%emt 00:00:54]} Qf6 {[%clk 00:22:19]} {[%emt 00:01:34]} 28. cxd6 {[%clk
00:42:14]} {[%emt 00:02:05]} Rxd6 {[%clk 00:22:38]} {[%emt 00:00:11]} 29. Qe2
{[%clk 00:41:24]} {[%emt 00:01:19]} Rh6 {[%clk 00:21:39]} {[%emt 00:01:30]} 30.
Rxb7 {[%clk 00:41:07]} {[%emt 00:00:48]} Rb6 {[%clk 00:20:59]} {[%emt
00:01:07]} 31. Rb1 {[%clk 00:41:14]} {[%emt 00:00:25]} Rxb1+ {[%clk 00:21:18]}
{[%emt 00:00:11]} 32. Rxb1 {[%clk 00:41:37]} {[%emt 00:00:07]} g6 {[%clk
00:21:30]} {[%emt 00:00:18]} 33. Qb2 {[%clk 00:41:33]} {[%emt 00:00:35]} Qxb2
{[%clk 00:21:21]} {[%emt 00:00:38]} 34. Rxb2 {[%clk 00:41:19]} {[%emt
00:00:44]} Rh5 {[%clk 00:21:11]} {[%emt 00:00:40]} 35. Bf1 {[%clk 00:41:36]}
{[%emt 00:00:14]} Kg7 {[%clk 00:21:32]} {[%emt 00:00:08]} 36. Rb5 {[%clk
00:41:59]} {[%emt 00:00:06]} Rxb5 {[%clk 00:21:53]} {[%emt 00:00:10]} 37. Bxb5
{[%clk 00:42:22]} {[%emt 00:00:07]} Kf6 {[%clk 00:22:19]} {[%emt 00:00:04]} 38.
a4 {[%clk 00:42:45]} {[%emt 00:00:08]} Ke6 {[%clk 00:22:44]} {[%emt 00:00:04]}
39. Kg2 {[%clk 00:43:09]} {[%emt 00:00:06]} h5 {[%clk 00:23:06]} {[%emt
00:00:08]} 40. h3 {[%clk 00:43:32]} {[%emt 00:00:07]} Kf5 {[%clk 00:23:26]}
{[%emt 00:00:09]} 41. Kf3 {[%clk 00:43:56]} {[%emt 00:00:07]} f6 {[%clk
00:23:39]} {[%emt 00:00:17]} 42. g4+ {[%clk 00:44:21]} {[%emt 00:00:05]} hxg4+
{[%clk 00:24:01]} {[%emt 00:00:08]} 43. hxg4+ {[%clk 00:44:47]} {[%emt
00:00:04]} Ke5 {[%clk 00:24:18]} {[%emt 00:00:12]} 44. Ke2 {[%clk 00:44:15]}
{[%emt 00:01:03]} f5 {[%clk 00:24:38]} {[%emt 00:00:10]} 45. gxf5 {[%clk
00:44:23]} {[%emt 00:00:22]} gxf5 {[%clk 00:25:01]} {[%emt 00:00:07]} 46. Kd3
{[%clk 00:44:37]} {[%emt 00:00:16]} Kd5 {[%clk 00:25:24]} {[%emt 00:00:07]} 47.
f3 {[%clk 00:45:00]} {[%emt 00:00:06]} Ke5 {[%clk 00:25:48]} {[%emt 00:00:07]}
48. e4 {[%clk 00:45:15]} {[%emt 00:00:16]} f4 {[%clk 00:26:14]} {[%emt
00:00:03]} 49. Kc4 {[%clk 00:45:19]} {[%emt 00:00:27]} Kd6 {[%clk 00:26:38]}
{[%emt 00:00:05]} 50. Kd4 {[%clk 00:45:41]} {[%emt 00:00:08]} Ke6 {[%clk
00:27:03]} {[%emt 00:00:06]} 51. Bc4+ {[%clk 00:46:01]} {[%emt 00:00:10]} Kd6
{[%clk 00:27:25]} {[%emt 00:00:07]} 52. e5+ {[%clk 00:46:27]} {[%emt 00:00:05]}
Ke7 {[%clk 00:27:49]} {[%emt 00:00:06]} 53. Ke4 {[%clk 00:46:46]} {[%emt
00:00:10]} Kd7 {[%clk 00:28:01]} {[%emt 00:00:19]} 54. e6+ {[%clk 00:47:06]}
{[%emt 00:00:09]} Ke7 {[%clk 00:28:25]} {[%emt 00:00:06]} 55. Ke5 {[%clk
00:47:31]} {[%emt 00:00:05]} Ke8 {[%clk 00:28:49]} {[%emt 00:00:06]} 56. Bb5+
{[%clk 00:47:52]} {[%emt 00:00:09]} Ke7 {[%clk 00:29:12]} {[%emt 00:00:07]} 57.
Kd5 {[%clk 00:48:13]} {[%emt 00:00:08]} Kf6 {[%clk 00:29:36]} {[%emt 00:00:08]}
58. Kd6 {[%clk 00:48:37]} {[%emt 00:00:05]} Kf5 {[%clk 00:29:55]} {[%emt
00:00:11]} 59. e7 {[%clk 00:48:59]} {[%emt 00:00:09]} Kg5 {[%clk 00:30:19]}
{[%emt 00:00:04]} 60. e8=Q {[%clk 00:49:19]} {[%emt 00:00:12]} Kh4 {[%clk
00:30:45]} {[%emt 00:00:02]} 61. Qg6 {[%clk 00:48:29]} {[%emt 00:02:30]} Kh3
{[%clk 00:31:04]} {[%emt 00:00:11]} 62. Bf1+ {[%clk 00:48:52]} {[%emt
00:00:08]} Kh4 {[%clk 00:31:27]} {[%emt 00:00:07]} 63. Qg4# {[%clk 00:49:17]}
{[%emt 00:00:05]} 1-0

[Event "DEM U10w 2023"]
[Site "Willingen GER"]
[Date "2023.05.29"]
[Round "4"]
[White "Bacakova, Klara"]
[Black "Kübart, Ela Marie"]
[Result "1/2-1/2"]
[Termination "normal"]
[Board "3"]
[WhiteElo "1289"]
[BlackElo "1198"]
[WhiteClock "00:06:38"]
[BlackClock "00:11:01"]
[PlyCount "95"]
[WhiteFideId "34605762"]
[BlackFideId "34633723"]
[EventCountry "GER"]
[EventRounds "11"]
[EventType "swiss"]
[EventDate "2023.05.27"]

1. e4 {[%clk 01:15:58]} {[%emt 00:00:02]} e5 {[%clk 01:15:53]} {[%emt
00:00:07]} 2. Nf3 {[%clk 01:16:23]} {[%emt 00:00:05]} Nc6 {[%clk 01:16:15]}
{[%emt 00:00:08]} 3. Bc4 {[%clk 01:16:47]} {[%emt 00:00:06]} Bc5 {[%clk
01:16:37]} {[%emt 00:00:08]} 4. c3 {[%clk 01:17:11]} {[%emt 00:00:06]} Nf6
{[%clk 01:16:49]} {[%emt 00:00:17]} 5. d3 {[%clk 01:17:33]} {[%emt 00:00:08]}
O-O {[%clk 01:16:20]} {[%emt 00:01:00]} 6. O-O {[%clk 01:17:43]} {[%emt
00:00:19]} h6 {[%clk 01:16:42]} {[%emt 00:00:07]} 7. Re1 {[%clk 01:16:34]}
{[%emt 00:01:40]} d6 {[%clk 01:14:16]} {[%emt 00:02:55]} 8. Nbd2 {[%clk
01:16:04]} {[%emt 00:01:02]} Bg4 {[%clk 01:13:53]} {[%emt 00:00:51]} 9. a4
{[%clk 01:09:17]} {[%emt 00:07:20]} a6 {[%clk 01:10:37]} {[%emt 00:03:45]} 10.
b4 {[%clk 01:08:05]} {[%emt 00:01:42]} Ba7 {[%clk 01:10:09]} {[%emt 00:00:40]}
11. Bb2 {[%clk 01:06:09]} {[%emt 00:02:44]} d5 {[%clk 01:09:05]} {[%emt
00:01:31]} 12. exd5 {[%clk 01:04:34]} {[%emt 00:02:08]} Nxd5 {[%clk 01:09:20]}
{[%emt 00:00:14]} 13. Qb3 {[%clk 00:59:14]} {[%emt 00:05:51]} Nf4 {[%clk
01:06:56]} {[%emt 00:02:53]} 14. Nxe5 {[%clk 00:55:00]} {[%emt 00:04:45]} Ne2+
{[%clk 01:05:04]} {[%emt 00:02:19]} 15. Kf1 {[%clk 00:50:00]} {[%emt 00:05:33]}
Nxe5 {[%clk 01:04:03]} {[%emt 00:01:30]} 16. f3 {[%clk 00:47:32]} {[%emt
00:02:59]} Nxd3 {[%clk 00:53:07]} {[%emt 00:11:26]} 17. Bxd3 {[%clk 00:43:19]}
{[%emt 00:04:42]} Qxd3 {[%clk 00:51:45]} {[%emt 00:01:52]} 18. Rxe2 {[%clk
00:42:51]} {[%emt 00:00:59]} Rfe8 {[%clk 00:47:26]} {[%emt 00:04:45]} 19. Rae1
{[%clk 00:39:15]} {[%emt 00:04:10]} Rxe2 {[%clk 00:47:03]} {[%emt 00:00:52]}
20. Rxe2 {[%clk 00:39:25]} {[%emt 00:00:20]} Re8 {[%clk 00:43:54]} {[%emt
00:03:37]} 21. Qd1 {[%clk 00:38:13]} {[%emt 00:01:45]} Bd7 {[%clk 00:34:57]}
{[%emt 00:09:23]} 22. Ke1 {[%clk 00:28:58]} {[%emt 00:09:48]} Bxa4 {[%clk
00:31:45]} {[%emt 00:03:36]} 23. Rxe8+ {[%clk 00:28:30]} {[%emt 00:01:05]} Bxe8
{[%clk 00:31:33]} {[%emt 00:00:41]} 24. Qe2 {[%clk 00:17:55]} {[%emt 00:11:06]}
Qxe2+ {[%clk 00:30:45]} {[%emt 00:01:17]} 25. Kxe2 {[%clk 00:18:13]} {[%emt
00:00:12]} c5 {[%clk 00:28:45]} {[%emt 00:02:22]} 26. Ba3 {[%clk 00:16:33]}
{[%emt 00:02:19]} cxb4 {[%clk 00:27:57]} {[%emt 00:01:17]} 27. Bxb4 {[%clk
00:16:47]} {[%emt 00:00:18]} Bc6 {[%clk 00:27:31]} {[%emt 00:00:49]} 28. Kd3
{[%clk 00:16:13]} {[%emt 00:01:10]} b5 {[%clk 00:27:01]} {[%emt 00:01:00]} 29.
c4 {[%clk 00:14:48]} {[%emt 00:01:55]} f5 {[%clk 00:23:51]} {[%emt 00:03:36]}
30. Nb3 {[%clk 00:13:18]} {[%emt 00:02:03]} Kf7 {[%clk 00:21:31]} {[%emt
00:02:50]} 31. Nd4 {[%clk 00:11:52]} {[%emt 00:01:57]} bxc4+ {[%clk 00:18:17]}
{[%emt 00:03:43]} 32. Kxc4 {[%clk 00:12:03]} {[%emt 00:00:19]} Bxd4 {[%clk
00:18:04]} {[%emt 00:00:43]} 33. Kxd4 {[%clk 00:12:22]} {[%emt 00:00:11]} Bb5
{[%clk 00:15:45]} {[%emt 00:02:43]} 34. Ke5 {[%clk 00:11:42]} {[%emt 00:01:17]}
Kg6 {[%clk 00:14:57]} {[%emt 00:01:08]} 35. Bf8 {[%clk 00:10:10]} {[%emt
00:02:11]} a5 {[%clk 00:14:34]} {[%emt 00:00:53]} 36. g4 {[%clk 00:09:43]}
{[%emt 00:00:58]} fxg4 {[%clk 00:14:21]} {[%emt 00:00:42]} 37. fxg4 {[%clk
00:09:59]} {[%emt 00:00:14]} a4 {[%clk 00:13:52]} {[%emt 00:01:01]} 38. Kf4
{[%clk 00:09:33]} {[%emt 00:00:55]} Kh7 {[%clk 00:13:24]} {[%emt 00:00:54]} 39.
h4 {[%clk 00:09:18]} {[%emt 00:00:48]} g6 {[%clk 00:12:51]} {[%emt 00:01:02]}
40. Ba3 {[%clk 00:07:51]} {[%emt 00:01:59]} h5 {[%clk 00:11:41]} {[%emt
00:01:37]} 41. g5 {[%clk 00:06:41]} {[%emt 00:01:41]} Kg7 {[%clk 00:11:43]}
{[%emt 00:00:29]} 42. Ke5 {[%clk 00:06:52]} {[%emt 00:00:19]} Kf7 {[%clk
00:11:51]} {[%emt 00:00:21]} 43. Kd5 {[%clk 00:05:21]} {[%emt 00:02:02]} Ke8
{[%clk 00:12:00]} {[%emt 00:00:20]} 44. Ke6 {[%clk 00:05:16]} {[%emt 00:00:36]}
Kd8 {[%clk 00:11:20]} {[%emt 00:02:57]} 45. Kd6 {[%clk 00:06:51]} {[%emt
00:00:52]} Ke8 {[%clk 00:10:48]} {[%emt 00:00:57]} 46. Ke6 {[%clk 00:07:03]}
{[%emt 00:00:23]} Kd8 {[%clk 00:10:50]} {[%emt 00:00:21]} 47. Kd6 {[%clk
00:07:22]} {[%emt 00:00:18]} Ke8 {[%clk 00:11:01]} {[%emt 00:00:19]} 48. Ke6
{[%clk 00:06:38]} {[%emt 00:00:40]} 1/2-1/2